Υγιεινή και ασφάλεια της εργασίας : η διάρθρωσή της σε ένα αυστηρά δομημένο ιεραρχικά περιβάλλον των ενόπλων δυνάμεων : διπλωματική εργασία
Saved in:
| Main Author: | |
|---|---|
| Corporate Author: | |
| Other Authors: | |
| Format: | Thesis Book |
| Language: | Greek |
| Published: |
2010
|
| Subjects: | |
| Tags: |
Add Tag
No Tags, Be the first to tag this record!
|
MARC
| LEADER | 00000cam a2200000 i 4500 | ||
|---|---|---|---|
| 001 | 1/13099 | ||
| 008 | 110510s2010 gre d | ||
| 035 | |l 10110062 | ||
| 040 | |a GR-MY-UA |b gre |e aacr | ||
| 041 | 0 | |a gre | |
| 082 | 0 | |a 613.6 |2 (22) | |
| 100 | 1 | |a Πολίτης, Νικόλαος. | |
| 245 | 1 | 0 | |a Υγιεινή και ασφάλεια της εργασίας : |b η διάρθρωσή της σε ένα αυστηρά δομημένο ιεραρχικά περιβάλλον των ενόπλων δυνάμεων : διπλωματική εργασία / |c Νικόλαος Πολίτης ; επιβλέπων: Γιάννης Θεοτοκάς |
| 260 | |c 2010 | ||
| 300 | |a 131 σ.; |b διαγρ.; |c 30 εκ. | ||
| 502 | # | # | |a Διατριβή (μεταπτυχιακή) – Πανεπιστήμιο Αιγαίου, Χίος, 2010. |
| 504 | |a Περιλαμβάνει βιβλιογραφία | ||
| 650 | 0 | 0 | |a Hygiene. |
| 650 | 0 | 0 | |a Sanitation. |
| 650 | 0 | 0 | |a Health. |
| 650 | 0 | 0 | |a Safety regulations. |
| 650 | 0 | 0 | |a Safety appliances. |
| 650 | 0 | 0 | |a Armed Forces. |
| 650 | 0 | 0 | |a Dissertations, Academic |z Greece. |
| 700 | 1 | |a Θεοτοκάς, Γιάννης, |d 1965- |4 ths | |
| 710 | 1 | |a Πανεπιστήμιο Αιγαίου |b Σχολή Επιστημών της Διοίκησης |b Τμήμα Ναυτιλίας και Επιχειρηματικών Υπηρεσιών |b Πρόγραμμα Μεταπτυχιακών Σπουδών "Ναυτιλία, Μεταφορές και Διεθνές Εμπόριο - ΝΑ.Μ.Ε.". | |
| 852 | |a INST |b CHIOS |c DIATR |e 20110510 |h 613.6 ΠΟΛ |p 005200031226 |q 005200031226 |t MTXE |y 23 | ||
| 852 | |a INST |b CHIOS |c DIATR |e 20110510 |h 613.6 ΠΟΛ |p 005200031227 |q 005200031227 |t MTXE |y 23 | ||
| 901 | |a BIBL2-2011-2 | ||
| 909 | |a Χ |b 149305 | ||
| 909 | |a Χ |b 149306 | ||
| 924 | |a ΠΟΛΙΤΗΣ |b ΝΙΚΟΛΑΟΣ |y ΧΙΟΣ |z 2011-01 | ||
| 970 | |a ΠΑΡΟΙΚΑΚΗ |b ΒΑΣΙΛΙΚΗ |z 2011/05/10 | ||